Direccin̤ estratǧica

Bibliographic Details
Main Author: Palacios Acero, Luis Carlos
Format: eBook
Language:Spanish
Published: Bogot ̀: ECOE, 2010
Subjects:
Online Access:http://www.vlex.com/source/7669

MARC

LEADER 00000nam a22000007a 4500
005 20130327115410.0
007 cr|||| ||||
008 130327e2010 ck |||||s|||| 00||0 spa d
020 |a 978-958-648-669-9 
035 |a 7669 
040 |a vLex 
090 |c 4047  |d 4047 
100 1 0 |a Palacios Acero, Luis Carlos  
245 1 0 |a Direccin̤ estratǧica  |c / Luis Carlos Palacios Acero  |h [Recurso electrn̤ico] 
256 |a Servicio en ln̕ea 
260 |a Bogot ̀:  |b ECOE,   |c 2010  
300 |a 1 Recurso electrn̤ico 
506 |d vLex Global  |d vLex Global (Academic Edition, excluding Law Schools)  |d vLex Global (U.S. Academic Edition, Law Schools)  |d vLex Global (U.S. Academic Edition, excluding Law Schools)  |d vLex Global (Academic Edition, Law Schools) 
650 0 4 |a Administracin̤ (Management) 
650 0 4 |a Marketing 
650 0 4 |a Estrategia empresarial 
740 |a vLex Libros (Servicio en ln̕ea) 
856 |a Acceso restringido  |u http://www.vlex.com/source/7669 
942 |c BOOK 
999 0 |a Management